Journey to health. Lesson 2, Stress. Part 3 /

This video from the Dallas County Community College District talks about practical solutions to managing stress. Part 3 of 6.

Bibliographic Details
Corporate Author: Dallas County Community College District (Producer)
Other Authors: Dyer, Julia (Director, Producer)
Format: Video
Language:English
Language Notes:In English.
Published: Dallas, TX : Dallas County Community College District, 2003.
Series:Academic Video Online
Subjects:
Online Access:Connect to this streaming video (Alexander Street Press)

MARC

Tag First Indicator Second Indicator Subfields
LEADER 00000cgm a2200000Mi 4500
001 in00005543721
006 m o c
007 cr |n||||||||a
007 vz |za|z|
008 190425s2003 txu004 e o vueng d
005 20241201230055.0
035 |a (OCoLC)on1112140020 
040 |a ALSTP  |b eng  |e rda  |c ALSTP  |d OCLCO  |d OCLCF  |d OCLCA  |d OCLCO  |d OCLCQ  |d NUI 
019 |a 1373461734  |a 1430831743  |a 1443984295 
035 |a (OCoLC)1112140020  |z (OCoLC)1373461734  |z (OCoLC)1430831743  |z (OCoLC)1443984295 
049 |a TXAM 
245 0 0 |a Journey to health.  |n Lesson 2,  |p Stress.  |n Part 3 /  |c producer/director Julia Dyer. 
264 1 |a Dallas, TX :  |b Dallas County Community College District,  |c 2003. 
300 |a 1 online resource (4 minutes) 
306 |a 000350 
336 |a two-dimensional moving image  |b tdi  |2 rdacontent 
337 |a computer  |b c  |2 rdamedia 
337 |a video  |b v  |2 rdamedia 
338 |a online resource  |b cr  |2 rdacarrier 
347 |a video file  |2 rda 
490 0 |a Academic Video Online 
500 |a "Mind, body, spirit". 
500 |a Title from resource description page (viewed May 31, 2019). 
520 |a This video from the Dallas County Community College District talks about practical solutions to managing stress. Part 3 of 6. 
546 |a In English. 
650 0 |a Health. 
650 0 |a Health planning. 
650 0 |a Health behavior. 
650 0 |a Mental health. 
650 0 |a Stress management. 
650 0 |a Anxiety. 
650 2 |a Health 
650 2 |a Health Planning 
650 2 |a Health Behavior 
650 2 |a Mental Health 
650 6 |a Santé. 
650 6 |a Santé publique  |x Planification. 
650 6 |a Habitudes sanitaires. 
650 6 |a Santé mentale. 
650 6 |a Gestion du stress. 
650 7 |a Anxiety.  |2 fast  |0 (OCoLC)fst00810950 
650 7 |a Health.  |2 fast  |0 (OCoLC)fst00952743 
650 7 |a Health behavior.  |2 fast  |0 (OCoLC)fst00952816 
650 7 |a Health planning.  |2 fast  |0 (OCoLC)fst00953159 
650 7 |a Mental health.  |2 fast  |0 (OCoLC)fst01016339 
650 7 |a Stress management.  |2 fast  |0 (OCoLC)fst01134967 
655 7 |a Instructional films.  |2 fast  |0 (OCoLC)fst01726236 
655 7 |a Instructional films.  |2 lcgft 
655 7 |a Films de formation.  |2 rvmgf 
700 1 |a Dyer, Julia,  |e director,  |e producer. 
710 2 |a Dallas County Community College District,  |e producer. 
856 4 0 |u http://proxy.library.tamu.edu/login?url=https://www.aspresolver.com/aspresolver.asp?MARC;3224287  |z Connect to this streaming video (Alexander Street Press)  |t 0 
955 |a Alexander Street Press subscription streaming video 
994 |a 92  |b TXA 
999 f f |s 717a4ee8-9089-46e4-b150-e55174f07bec  |i 8b73d506-e719-4d84-8e0b-6528b63bb37c  |t 0 
952 f f |a Texas A&M University  |b College Station  |c Electronic Resources  |d Available Online  |t 0  |h Library of Congress classification 
998 f f |t 0  |l Available Online